000 01139nam a22002537a 4500
005 20170124103204.0
010 _aB-205424
020 _c75.00
035 _aB-205424
037 _bCen Lib/Ret
040 _aDPL
_bHN
082 _a621.3121
_bडियोडि
100 _aडियोडिया, एम.के.
_944003
245 _aविद्युत् उत्पादन संचरण एवं वितरण /
_c एम.के.डियोडिया
246 _aVidyut utpadan sancharan ewam vitran /
_bby M.K.Didodiya
260 _aभोपाल
_bमध्यप्रदेश हिन्दी ग्रन्थ अकादमी
_c2003
270 _aरवीन्द्रनाथ ठाकुर मार्ग, बाणगंगा
_bभोपाल
_e462003
300 _a216पृ.
_c20सेमी(अजिल्द)
650 _aवैद्युत उत्पादन
_993022
650 _aपवन - ऊर्जा
_91054
650 _aElectrical generation
_993023
650 _aWind energy
_946005
942 _2ddc
_cHN
_h621.3121
_mडियोडि
999 _c120860
_d120860